STN EN ISO 5261: 2001 (01 3141), Technické výkresy. Zjednodušené označovanie nosníkov a profilových tyčí (ISO 5261: 1995)

Norma je identická s EN ISO 5261: 1999 a ISO 5261: 1995

Bibliographic Details
Main Author: Sekerešová, Drahomíra (Author)
Corporate Author: Slovenská spoločnosť pre technickú normalizáciu (Translator)
Other Authors: Bajla, Jozef, 1946- (Translator)
Format: Book
Language:Slovak
English
PhysicalDescription:12 s. obr., tab. 30 cm
Published: Bratislava Slovenský ústav technickej normalizácie 2001
Subjects:

MARC

LEADER 00000cam a2200000 a 4500
001 vtls009728190
003 SK-MaSNL
005 20260301082450.0
008 130607s2001 xo a fru 000 0 slo
015 |a SNBN2018 
020 |c (cen. skup. 10) 
035 |a (SVKBBclas03)vtls000104288 
040 |a SNK  |b slo  |c SNK  |e AACR2 
041 1 |a slo  |h eng 
044 |a xo  |c SK 
046 |a s  |m 200107 (účin.) 
072 7 |a 74  |x Kresba. Umelecké remeslá  |2 konspekt 
080 |a 744.4  |2 2011 
080 |a 006.7/.8  |2 2001 
080 |a (437.6)  |2 2001 
080 |a (4)  |2 2001 
080 |a (083)  |2 2001 
130 0 |a STN 01 3141 (STN EN ISO 5261)  |9 407450 
245 1 0 |a STN EN ISO 5261: 2001 (01 3141), Technické výkresy. Zjednodušené označovanie nosníkov a profilových tyčí (ISO 5261: 1995) 
246 1 0 |a Technické výkresy 
246 1 0 |a Zjednodušené označovanie nosníkov a profilových tyčí 
246 3 0 |a ISO 5261: 1995 
260 |a Bratislava  |b Slovenský ústav technickej normalizácie  |c 2001 
300 |a 12 s.  |b obr., tab.  |c 30 cm 
500 |a Spracovateľ: Slovenská spoločnosť pre technickú normalizáciu Bratislava, Jozef Bajla 
500 |a Súbežný názov anglicky, nemecky a francúzsky 
504 |a Citované normy a súvisiace normy s. 2 ; literatúra s. 10 
520 8 |a Norma je identická s EN ISO 5261: 1999 a ISO 5261: 1995 
540 |a STN vydané na akomkoľvek nosiči sa môžu rozmnožovať a rozširovať iba so súhlasom určenej právnickej osoby  |b SÚTN Bratislava  |c zákon 264/1999 Z.z. 
650 0 7 |a technické kreslenie  |2 SNKPH  |9 3080 
650 0 7 |a technické výkresy  |2 SNKPH  |9 74985 
650 0 7 |a technické normy a štandardy  |z krajiny Európskej únie  |2 SNKPH  |9 289341 
650 0 7 |a technické normy a štandardy  |z Slovensko  |2 SNKPH  |9 79594 
650 0 7 |a Technical drawing  |2 SNKPHeng  |9 327253 
655 7 |a normy  |2 SNKPH  |9 70643 
700 1 |a Bajla, Jozef,  |d 1946-  |4 trl  |9 93077 
700 1 |a Sekerešová, Drahomíra  |4 aut  |9 314198 
710 2 |a Slovenská spoločnosť pre technickú normalizáciu  |4 trl  |9 36642 
710 2 |a Slovenský ústav technickej normalizácie (Bratislava, Slovensko).  |b Technická normalizačná komisia č. 62 Technické výkresy  |4 stn  |9 320693 
958 |a NB 
958 |a OP 
999 |c 658593  |d 660523 
952 |a SNK  |b SNK  |y PREZ  |7 0  |p 17A1031232  |o snkSTN EN ISO 5261  |i snk2012/13664  |8 0  |0 0  |1 0  |4 0  |d 2012-07-13  |l 0  |r 2026-02-23 18:45:20  |w 2026-02-23 
952 |a SNK  |b SNK  |y PREZ  |7 0  |p 17A1031233  |o snkSTN EN ISO 5261 D1  |i snk2012/13665  |8 0  |0 0  |1 0  |4 0  |d 2012-07-13  |l 0  |r 2026-02-23 18:45:20  |w 2026-02-23